01785nam a22003494a 4500001001200000003000800012006001900020007001500039008004100054010001700095020002800112040002100140035002000161043001200181050002400193082001900217100003300236245014600269260004300415300001400458490003200472504006400504505036600568533015200934610004801086650005101134650004501185655002901230710001701259830003301276856012601309ebr10115160CaPaEBRm u cr cn|||||||||050124s2005 nyu sb 001 0 eng  z 2005001040 z159332071X (alk. paper) aCaPaEBRcCaPaEBR a(OCoLC)64394479 an-us---14aKF9065b.U24 2005eb04a353.4/22932221 aUbertaccio, Peter N.,d1972-10aLearned in the law and politicsh[electronic resource] :bthe Office of the Solicitor General and executive power /cPeter N. Ubertaccio III. aNew York :bLFB Scholarly Pub.,c2005. ax, 224 p.1 aAmerican legal institutions aIncludes bibliographical references (p. 205-221) and index.0 aThe Solicitor General's Office and American politics -- Politics and justice : the organization of the Office of Solicitor General and the centralization of federal litigation -- Advancing an executive legal agenda : progressives in the Department of Justice -- Defending the New Deal -- Organizing to promote New Deal liberalism -- Conservative legal advocacy. aElectronic reproduction.bPalo Alto, Calif. :cebrary,d2013.nAvailable via World Wide Web.nAccess may be limited to ebrary affiliated libraries.10aUnited States.bSolicitor GeneralxHistory. 0aGovernment litigationzUnited StatesxHistory. 0aExecutive powerzUnited StatesxHistory. 7aElectronic books.2local2 aebrary, Inc. 0aAmerican legal institutions.40uhttp://site.ebrary.com/lib/rucke/Doc?id=10115160zAn electronic book accessible through the World Wide Web; click to view